| 000 | 00630nam a2200181Ia 4500 | ||
|---|---|---|---|
| 008 | 100920s9999 xx 000 0 und d | ||
| 082 |
_b14443 _a491.462 थ 63 |
||
| 100 | _aसूर्यवंशी कृ.गो. | ||
| 245 | _aघर माझं गाव तुमचं !. | ||
| 260 |
_bजगताप-कारले प्रकाशन, पुणे 2. _c1963 |
||
| 300 |
_a80 _bसाधी |
||
| 365 | _b1.25 | ||
| 520 | _aनाटक. | ||
| 630 | _aघर माझं गाव तुमचं !. | ||
| 650 | _aनाटक. | ||
| 730 | _aघर माझं गाव तुमचं !. | ||
| 942 | _cBOOK | ||
| 999 |
_c678472 _d678469 |
||